000 00647nam a2200229Ia 4500
003 OSt
005 20220925231543.0
006 a|||||r|||| 00| 0
007 ta
008 220923b |||||||| |||| 00| 0 eng d
037 _cGeneral Book
040 _aRTL
_cRTL
_beng
041 _2eng
_aeng
082 _aX9(D5).235<N70, L0
110 _aKIRLOSKAR BROTHERS LIMITED
_9295664
245 0 _aAnnual report 1970.
260 _aMaharashtra
_bKirloskar Brothers Ltd
_c1970
300 _a19p.
_ccm.
700 _aKIRLOSKAR BROTHERS LIMITED
_9295665
942 _hX9(D5).235<N70, L0
_cGB
_2CC
999 _c588828
_d588828